000 00889nam a2200241 i 4500
001 176373
003 ES-MaACL
005 20250415063103.0
008 110112s1962 sp |||| |dspa d
080 _a821.134.2-1.09
080 _a821.134.2(72)-1.09
100 0 _aXirau, Ramón,
_d1924-2017
_9117518
245 1 0 _aPoetas de México y España /
_censayos por Ramón Xirau.
260 _aMadrid :
_bJosé Porrúa Turanzas,
_c1962.
300 _a200, [4] p. , [1] h. ;
_c18 cm.
490 1 _aBibliotheca Tenanitla. Libros españoles e hispanoamericanos ;
_v4
650 0 4 _aPoesía española-
_xHistoria y crítica.
_916166
650 4 _aPoesía mexicana-
_xHistoria y crítica.
_9166675
830 0 _aBibliotheca Tenanitla. Libros españoles e hispanoamericanos ;
_v4
_9190011
852 _aES-MaACL
_jE-14007
_xOlim P-661-bis
942 _2udc
999 _c176373
_d176373